000 00285nam a22001097a 4500
008 170112b xxu||||| |||| 00| 0 eng d
020 _a9780721644394
041 _aeng
080 _a618.2
245 _aINSTRUCTOR'S MANUAL FOR UNDERSTANDING NURSING RESEARCH
_cGROVE, S.K
942 _2udc
_cBK
999 _c2772
_d2772